00821nam a22002057a 450000500170000001000150001702000260003203500140005803700090007208200140008110000280009524500640012325000060018726001240019327000740031730000200039194200280041199900190043995201570045820241205112345.0 aENG-142842 a9789354097812c505.00 aEN-126374 aDBAD a707.5421 aManeesha Agarwal974716 aRescurrecting Durbal Indian Art Forms/cby Maneesha Agarwal a1 aNew DelhibDirector General, Publications Division, Ministry of Information and Broadcasting, Government of Indiac2023 aSochna Bhawan, CGO Complex, Lodhi RoadbNew Delhie110003mdpd@nic.in a168p.b28cm(pb) 2ddccENe1h707.54kAGA c207418d207418 001040708NFICaZLSbZLSd2024-12-05eDelivery of Books Act Divisiong505.00l0o707.54 AGApEN-126374r2024-12-05 00:00:00t1v505.00w2024-12-05yEN